伍佰所有发行歌曲-繁/简中文 - Statistics

General Stats
  • This quiz has been taken 20 times
    19 since last reset
  • The average score is 21 of 235
Answer Stats
Hint Answer % Correct
1996 挪威的森林
89%
2004 突然的自我
68%
1994 浪人情歌
58%
1996 Last Dance
58%
1999 白鸽
53%
2003 再度重相逢
53%
2003 泪桥
47%
2023 纯白的起点
42%
1998 世界第一等
37%
2006 你是我的花朵
37%
1998 树枝孤鸟
32%
1996 夏夜晚风
26%
1997 被动
26%
1992 爱上别人是快乐的事
21%
2005 台湾制造
21%
2009 我会好好的
21%
2011 梦醒时分
21%
2016 钉子花
21%
1994 牵挂
16%
1994 亲爱的你
16%
1996 爱情的尽头
16%
1998 断肠诗
16%
1998 返去故乡
16%
1998 心爱的再会啦
16%
1999 与你到永久
16%
1999 美丽新世界
16%
2002 如果这都不算爱
16%
2003 晚风
16%
2005 双面人
16%
2008 太空弹
16%
2016 蹦孔
16%
2019 让水倒流
16%
1992 不要想太多
11%
1992 没人爱的女孩
11%
1992 楼仔厝
11%
1992 思念亲像一条河
11%
1994 背叛
11%
1994 钢铁男子
11%
1995 墓仔埔也敢去
11%
1996 亲爱的,你喝醉了
11%
1996 七彩灯光
11%
1997 痛哭的人
11%
1998 万丈深坑
11%
1998 煞到你
11%
1998 空袭警报
11%
1999 上瘾了
11%
1999 真世界
11%
1999 上帝救救我
11%
1999 一生最爱的人
11%
2001
11%
2001 你爱我
11%
2001 一点点
11%
2001 梦的河流
11%
2002 枫叶
11%
2005 厉害
11%
2005 海上的岛
11%
2006 我只要
11%
2006 纯真年代
11%
2006 彩虹
11%
2008 寂寞丛林
11%
2008 天晴时刻
11%
2011 单程车票
11%
2011 火山
11%
2011 戒指
11%
2011 雨一直下
11%
2013 无尽闪亮的哀愁
11%
2013 生存游戏
11%
2013 答案
11%
2013 我们注定在一起
11%
2016 东石
11%
2019 原本当初
11%
2019 最美的时刻
11%
2019 皇后的高跟鞋
11%
2019 谁是老大
11%
2020 赴汤蹈火
11%
2020 重生
11%
2023 天使
11%
2023 怎样歌
11%
2023 晴天雨天
11%
1992 不满
5%
1992 关于女人
5%
1992 一种女人
5%
1992 阿威、阿威
5%
1992 钱的力量
5%
1992 素兰小姐要出嫁
5%
1994 一亲红颜
5%
1994 抛弃
5%
1994 继续堕落
5%
1994 热情交错
5%
1994 来不及
5%
1995 无声的所在
5%
1995 秋风夜雨
5%
1995 爱情限时批
5%
1995 点烟
5%
1995
5%
1995 小姐免惊
5%
1995 恨世生
5%
1995 枉费青春
5%
1995 爱你一万年
5%
1996
5%
1996 青春
5%
1996 人生一场梦
5%
1996 随风而去
5%
1997 台北孤儿
5%
1997 少年,安啦!
5%
1997 算了吧
5%
1998 少女的心
5%
1998 漂浪
5%
1998 徘徊夜都市
5%
1998 怨嗟叹
5%
1999 不曾在乎我
5%
1999 看我
5%
1999 终于
5%
1999 懒人日记
5%
1999 最后是温柔
5%
2000 我的名字
5%
2000 稀微的风中
5%
2000 何时再见梦中人
5%
2001 翅膀
5%
2001
5%
2001 流星
5%
2001 九重天
5%
2001 断了
5%
2001 沙漠里的黑洞
5%
2001 暴雨
5%
2001 小帆船
5%
2003 顽石的飞行
5%
2003 海浪
5%
2003 生命之歌
5%
2003 没有头
5%
2003 敌人
5%
2003 破碎的收音机
5%
2003 活下去
5%
2003 街角的蔷薇
5%
2003 花不香
5%
2005 海底飞凌机
5%
2005 往事欲如何
5%
2005 风台心情
5%
2005 下港人在台北
5%
2005 快乐的等待
5%
2005 莎哟娜啦
5%
2005 压力
5%
2006 两个寂寞
5%
2006 海市蜃楼
5%
2006 冰雨
5%
2006 不过是爱上你
5%
2006 一个梦
5%
2006 秘恋
5%
2006 一千万个理由
5%
2006 翻白
5%
2008 太多的爱
5%
2008 闪光魔术
5%
2008 风火
5%
2008 时尚狗
5%
2008 新闻秀
5%
2008 迷航记
5%
2008 时光雨
5%
2009 傻情人
5%
2009 不确定
5%
2009 中毒玫瑰
5%
2009 接受我的爱
5%
2009 白鹭鸶
5%
2011 蓝月
5%
2011
5%
2011 都是我的错
5%
2011 心如刀割
5%
2011 放开你的脑袋
5%
2011 上海女孩
5%
2011 停止的危险
5%
2012 好运总来
5%
2013
5%
2013 亏欠
5%
2013 就是因为爱
5%
2013 小妹
5%
2013 青春与爱情
5%
2013 一次
5%
2013 太极
5%
2015 树风
5%
2016 爱妳无目的
5%
2016 放浪舞者
5%
2016 热泪暗班车
5%
2016 仝款的月娘
5%
2016 我心内
5%
2016 种子
5%
2016 清风吹目墘
5%
2019 爱的大道
5%
2019 我想飞
5%
2019 月光下的别离
5%
2019 深秋的祝福
5%
2019 其实不遥远
5%
2019 黑色蒙太奇
5%
2019 唯我独大
5%
2020 风平浪静
5%
2023 嫦娥
5%
2023 甜美的绳索
5%
2023 你是我的完美
5%
2023 笔画
5%
2023 不要放弃
5%
1999 半夜11点钟
5%
1994 199玫瑰
5%
2006 Cherry Lover
5%
1995 Kiss Me 星星知我心
5%
1997 暗淡的月
0%
1998 飞在空中的小雨
0%
1998 黄色月亮
0%
1999 春花秋月
0%
2000 杀手骊歌
0%
2000 只要为你活一天
0%
2000 冲冲冲
0%
2002 假扮的天使
0%
2002 王道
0%
2002 小人国
0%
2002 最初的地方
0%
2002 我不是天使
0%
2002 扇子舞
0%
2002 爱情未亡人
0%
2002 孤星泪
0%
2002 月光序曲
0%
2004 汝是我的心肝
0%
2004 一石二鸟
0%
2004 极地之歌
0%
2007 烧火
0%
2007 忘情歌
0%
2007 歼灭
0%
2009 夜照亮了夜
0%
2009 存在的目的
0%
2009 爱你越来越多
0%
2009 银河特快
0%
2012 来去夏威夷
0%
2015 光和热
0%
2015 玫瑰日记
0%
2015
0%
2015 华丽的水波
0%
2016 我是老大
0%
2009 Listen to Me
0%
No matching quizzes found
Score Distribution
Percent of People with Each Score
Percentile by Number Answered
Your Score History
You have not taken this quiz since the last reset